Electrons in Metals nad Semiconductors (Record no. 180840)
[ view plain ]
| 000 -LEADER | |
|---|---|
| fixed length control field | 01066 a2200181 4500 |
| 003 - CONTROL NUMBER IDENTIFIER | |
| control field | Nust |
| 005 - DATE AND TIME OF LATEST TRANSACTION | |
| control field | 20221208104729.0 |
| 020 ## - INTERNATIONAL STANDARD BOOK NUMBER | |
| International Standard Book Number | 0412368404 |
| 040 ## - CATALOGING SOURCE | |
| Transcribing agency | Nust |
| 082 ## - DEWEY DECIMAL CLASSIFICATION NUMBER | |
| Classification number | 530.41, CHA |
| 100 ## - MAIN ENTRY--PERSONAL NAME | |
| Personal name | Chambers.R.G |
| 9 (RLIN) | 104430 |
| 245 ## - TITLE STATEMENT | |
| Title | Electrons in Metals nad Semiconductors |
| Statement of responsibility, etc. | R..G.Chambers |
| 260 ## - PUBLICATION, DISTRIBUTION, ETC. | |
| Place of publication, distribution, etc. | London |
| Name of publisher, distributor, etc. | Chapman and Hall |
| Date of publication, distribution, etc. | 1990: |
| 300 ## - PHYSICAL DESCRIPTION | |
| Extent | 230:p |
| 505 ## - FORMATTED CONTENTS NOTE | |
| Formatted contents note | The Free Electron Model (Page-1), Properties of Free Electron Solids (Page-16), Crystal Structure and the Reciprocal Lattice (Page-35), Electrons in a Periodic Potentials (Page-46), Electronic band Structure (Page-60), The Potential Many Body Effects (Page-75), The Dynamics of Bloch Electrons (Page-85), Collisions (Page-107), Electrical Conductivity of Metals (Page-120) Metals in a Temperature Gradient (Page-133), Magnetorestance and Hall Effect (Page-146), Radio Frequency, Optical and Other Properties (Page-161), Carriers in Semiconductors (Page-175), Transport Properties of Semiconductors (Page-186), Other Topics (Page-203). |
| 650 ## - SUBJECT ADDED ENTRY--TOPICAL TERM | |
| Topical term or geographic name entry element | Electrons |
| 9 (RLIN) | 45166 |
| 942 ## - ADDED ENTRY ELEMENTS (KOHA) | |
| Source of classification or shelving scheme | |
| Koha item type | Book |
| Withdrawn status | Lost status | Source of classification or shelving scheme | Damaged status | Not for loan | Permanent Location | Current Location | Shelving location | Date acquired | Full call number | Barcode | Date last seen | Price effective from | Koha item type | Public note |
|---|---|---|---|---|---|---|---|---|---|---|---|---|---|---|
| Military College of Signals (MCS) | Military College of Signals (MCS) | General Stacks | 12/12/2016 | 530.41,CHA | MCS5103 | 12/08/2016 | 12/12/2016 | Book | Almirah No.77, Shelf No.3 | |||||
| Military College of Signals (MCS) | Military College of Signals (MCS) | General Stacks | 12/12/2016 | 530.41,CHA | MCS5104 | 12/08/2016 | 12/12/2016 | Book | Almirah No.16, Shelf No.1 |
